Giáo trình các phương pháp số

Spremljeno u:
Bibliografski detalji
Glavni autor: Hoàng, Xuân Huấn
Format: Knjiga
Jezik:Undetermined
Izdano: Hà Nội Đại học Quốc gia 2004
Teme:
Oznake: Dodaj oznaku
Bez oznaka, Budi prvi tko označuje ovaj zapis!
Thư viện lưu trữ: Trung tâm Học liệu Trường Đại học Cần Thơ
LEADER 00542nam a2200193Ia 4500
001 CTU_74370
008 210402s9999 xx 000 0 und d
020 |c 23800 
082 |a 515 
082 |b H502 
100 |a Hoàng, Xuân Huấn 
245 0 |a Giáo trình các phương pháp số 
245 0 |c Hoàng Xuân Huấn 
260 |a Hà Nội 
260 |b Đại học Quốc gia 
260 |c 2004 
650 |a Mathematical analysis 
904 |i TUYEN 
980 |a Trung tâm Học liệu Trường Đại học Cần Thơ